LDR 00767naa#a2200205#i#450# 001 EN\INFRA-M\bibl\126692 005 20260705075329.7 011 ## _a3033-8166 100 ## _a20260629b2026####ek#y0engy0150####ca 102 ## _aRU 200 1# _aPossibilities of Applying International Project Management Standards PMBOK and IPMA ICB4 in a Remote Team Environment _eJournal article 210 1# _aMoscow _cINFRA-M Academic Publishing LLC. _d2026 215 ## _a9 с. 608 ## _aJournal article _2local 675 ## _aЭкономическая политика. Управление и планирование в экономике. 338.2 _z 700 #1 _aFomina _gYu. A. 700 #1 _aKlimenko _gOksana Alekseevna 700 #1 _aKuznecova _gM. A. 700 #1 _aBotvina _gP. A. 856 4# _azh-szf.ru _u